Reglamento de incendios / Mutua Catalana de Accidentes e Incendios
Descripción Física:
15 p. ; 22 cm
MARC
| LEADER | 00000nam a2200000Ia 4500 | ||
|---|---|---|---|
| 001 | 22770 | ||
| 008 | 160829s1932 xx 000 0 cat d | ||
| 080 | |a RF-16-7 | ||
| 110 | 2 | |a Mutua Catalana d'Accidents i Incendis |9 55570 | |
| 245 | |a Reglamento de incendios / Mutua Catalana de Accidentes e Incendios | ||
| 260 | |a Barcelona : |b la Mutua, |c 1932 | ||
| 300 | |a 15 p. ; |c 22 cm | ||
| 590 | |a A la coberta: Reglamento, sección incendios. | ||
| 590 | |a Núm. de full registral: 4668 | ||
| 610 | 2 | 0 | |9 55570 |a Mutua Catalana d'Accidents i Incendis |
| 650 | |a Mutua Catalana d'Accidents i Incendis |x Reglaments i procediment |9 43214 | ||
| 856 | 4 | |u https://media.diba.cat/diba/fitxers/arxiu/fulletons/bib_22770_1932_baixa.pdf |y Accés lliure | |
| 856 | 4 | |u https://media.diba.cat/diba/fitxers/arxiu/fulletons/bib_22770_1932_baixa.pdf |y Accés lliure | |
| 900 | |a bib_22770_1932_baixa.pdf | ||
| 901 | |a Arxiu | ||
| 942 | |n 1 |2 udc | ||
| 952 | |0 0 |1 0 |4 0 |6 RF167 |7 1 |9 51286 |a Arxiu |b Arxiu |d 2016-12-01 |l 0 |o RF-16-7 |p 22770 |r 2016-12-01 00:00:00 |w 2016-12-01 |y ARXIU | ||
| 999 | |c 55130 |d 55130 | ||